[Event "106th British-ch 2019"]
[Site "Torquay"]
[Date "2019.07.30"]
[Round "4.7"]
[White "Wadsworth, Matthew J"]
[Black "Pein, Malcolm"]
[Result "1-0"]
[WhiteElo "2418"]
[BlackElo "2312"]
[Annotator "NA"]
[PlyCount "85"]
[EventDate "2019.07.27"]
[EventType "swiss"]
[EventCountry "GBR"]
[SourceTitle "playchess.com"]
[Source "ChessBase"]
[SourceQuality "1"]
[TimeControl "40/5400+30:1800+30"]

1. Nf3 {[%emt 0:00:00]} Nf6 {[%emt 0:00:00]} 2. c4 {[%emt 0:00:00]} g6 {[%emt 0:00:13]} 3. g3 {[%emt 0:00:10]} Bg7 {[%emt 0:00:06]} 4. Bg2 {[%emt 0:00:22]} O-O {[%emt 0:00:23]} 5. O-O {[%emt 0:00:11]} d6 {[%emt 0:00:37]} 6. Nc3 {[%emt 0:00:21]} e5 {[%emt 0:00:50]} 7. d3 {[%emt 0:00:13]} c6 {[%emt 0:01:18]} 8. Rb1 {[%emt 0:01:37]} a5 {[%emt 0:00:06]} 9. a3 {[%emt 0:02:54]} Re8 {[%emt 0:01:05]} 10. e4 {[%emt 0:04:19]} Na6 {[%emt 0:05:49]} 11. b4 {[%emt 0:06:54]} axb4 {[%emt 0:00:10]} 12. axb4 {[%emt 0:00:04]} h6 {[%emt 0:09:46]} 13. b5 {[%emt 0:10:24]} Nc5 {[%emt 0:00:41]} 14. Be3 {[%emt 0:00:07]} Ra3 {[%emt 0:17:11]} 15. Bxc5 {[%emt 0:06:10]} dxc5 {[%emt 0:00:19]} 16. Qc1 {[%emt 0:00:08]} Ra8 {[%emt 0:06:58]} 17. bxc6 {[%emt 0:02:57]} bxc6 {[%emt 0:00:03]} 18. Rd1 {[%emt 0:00:07]} Bg4 {[%emt 0:04:38]} 19. Ra1 {[%emt 0:12:10]} Nd7 {[%emt 0:03:35]} 20. Qe3 {[%emt 0:08:06]} Qf6 {[%emt 0:03:20]} 21. Rdb1 {[%emt 0:02:36]} Bxf3 {[%emt 0:05:54]} 22. Bxf3 {[%emt 0:00:08]} h5 {[%emt 0:03:15]} 23. Bg2 {[%emt 0:03:00]} Kh7 {[%emt 0:04:09]} 24. Bh3 {[%emt 0:01:40]} Bh6 {[%emt 0:00:09]} 25. Qe2 {[%emt 0:00:36]} Nf8 {[%emt 0:00:08]} 26. Na4 {[%emt 0:03:53]} Qe7 {[%emt 0:10:48]} 27. Qb2 {[%emt 0:05:19]} Kg8 {[%emt 0:02:38]} 28. Qb6 {[%emt 0:02:37]} Bd2 {[%emt 0:06:28]} 29. Qxc6 {[%emt 0:02:16]} Nh7 {[%emt 0:05:11]} 30. Nb6 {[%emt 0:04:29]} Rxa1 {[%emt 0:00:33]} 31. Rxa1 {[%emt 0:00:04]} Rb8 {[%emt 0:04:22]} 32. Nd5 {[%emt 0:07:19]} Qb7 {[%emt 0:01:33]} 33. Qxc5 {[%emt 0:00:52]} Qb2 {[%emt 0:00:11]} 34. Rf1 {[%emt 0:00:16]} Ng5 {[%emt 0:00:07]} 35. Kg2 {[%emt 0:00:33]} Bc3 {[%emt 0:03:11]} 36. Qe7 {[%emt 0:02:48]} Nxh3 {[%emt 0:01:12]} 37. Kxh3 {[%emt 0:00:39]} Bd4 {[%emt 0:00:26]} 38. Qf6 {[%emt 0:00:29]} Bc5 {[%emt 0:00:36]} 39. Kg2 {[%emt 0:04:53]} Qd4 {[%emt 0:00:29]} 40. f4 {[%emt 0:04:59]} Rb2+ {[%emt 0:00:29]} 41. Kh3 {[%emt 0:30:01]} Qxd3 {[%emt 0:23:10]} 42. fxe5 {[%emt 0:00:00]} Kh7 {[%emt 0:01:22]} 43. Qxf7+ {[%emt 0:00:00]} 1-0

[Event "106th British-ch 2019"]
[Site "Torquay"]
[Date "2019.07.30"]
[Round "4.8"]
[White "Eggleston, David J"]
[Black "Rocco, Federico"]
[Result "1-0"]
[WhiteElo "2399"]
[BlackElo "2157"]
[Annotator "TA"]
[PlyCount "61"]
[EventDate "2019.07.27"]
[EventType "swiss"]
[EventCountry "GBR"]
[SourceTitle "playchess.com"]
[Source "ChessBase"]
[SourceQuality "1"]

{[%evp 12,61,18,7,35,13,34,33,32,33,36,23,27,22,58,44,52,53,36,42,41,39,78,84,70,77,99,92,106,99,111,120,181,188,164,182,241,239,388,372,1041,1037,1014,989,939,891,2826,2785,2597,2462,2084,1915]} 1. e4 c5 2. Nf3 d6 3. d4 cxd4 4. Nxd4 Nf6 5. Nc3 a6 6. h3 e5 7. Nde2 h5 {B90: Sicilian Najdorf: Unusual White 6th moves, 6 Be3 Ng4 and 6 Be3 e5} 8. g3 $146 (8. Nd5 Nxd5 9. Qxd5 Nc6 10. Qd1 Be6 11. Nc3 Rc8 12. Be3 Ne7 13. Be2 d5 14. exd5 Nxd5 15. Nxd5 Qxd5 {½-½ (26) Wang,H (2730)-Giri,A (2783) St Petersburg 2018}) 8... Be7 9. Bg2 Be6 {White is slightly better.} 10. a4 O-O 11. Be3 Nbd7 12. O-O Nb6 13. b3 d5 {Threatening ...d4.} 14. Bxb6 $1 Qxb6 15. Nxd5 Bxd5 16. exd5 Rfd8 17. c4 Rac8 18. a5 $36 {[%mdl 2048] White is on the roll.} Qb4 19. Ra4 Qc5 20. Nc3 Bd6 21. Re1 Bc7 {[#]} (21... b5 $16 22. axb6 {[%mdl 64] Discovered Attack} Qxb6) 22. Ne4 $1 $18 {[%cal Re4c5]} Nxe4 23. Rxe4 Bxa5 (23... b5 $142 24. axb6 {[%mdl 64] Discovered Attack} Bxb6) 24. Qxh5 ({But not} 24. Rxe5 $6 h4) 24... Bd2 (24... g6 {was called for.} 25. Qxe5 Re8) 25. b4 Bxb4 $2 (25... g6 26. Qxe5 Qc7 27. Qxc7 Rxc7) 26. Rh4 {[%csl Gh4][%cal Rh5h8] White is clearly winning.} Kf8 27. Qxe5 {[%cal Rh4h8]} Kg8 {[#]} 28. Rg4 $1 {[%csl Gg4][%cal Re5g7]} Kf8 29. Qxg7+ Ke7 30. Re4+ Kd6 31. Qxf7 {Accuracy: White = 91%, Black = 30%.} 1-0

[Event "106th British-ch 2019"]
[Site "Torquay"]
[Date "2019.07.30"]
[Round "4.9"]
[White "Toma, Katarzyna"]
[Black "Ashton, Adam G"]
[Result "1/2-1/2"]
[WhiteElo "2229"]
[BlackElo "2323"]
[Annotator "NA"]
[PlyCount "55"]
[EventDate "2019.07.27"]
[EventType "swiss"]
[EventCountry "GBR"]
[SourceTitle "playchess.com"]
[Source "ChessBase"]
[SourceQuality "1"]
[TimeControl "40/5400+30:1800+30"]

1. e4 {[%emt 0:00:00]} e5 {[%emt 0:00:00]} 2. Nf3 {[%emt 0:00:00]} Nc6 {[%emt 0:00:00]} 3. Bb5 {[%emt 0:00:00]} a6 {[%emt 0:00:00]} 4. Ba4 {[%emt 0:00:00]} Nf6 {[%emt 0:00:00]} 5. O-O {[%emt 0:00:25]} Nxe4 {[%emt 0:01:46]} 6. d4 {[%emt 0:15:47]} b5 {[%emt 0:00:12]} 7. Bb3 {[%emt 0:00:29]} d5 {[%emt 0:00:09]} 8. dxe5 {[%emt 0:05:53]} Be6 {[%emt 0:00:15]} 9. c3 {[%emt 0:01:08]} Be7 {[%emt 0:01:45]} 10. Re1 {[%emt 0:04:23]} O-O {[%emt 0:04:00]} 11. Nbd2 {[%emt 0:04:12]} Nc5 {[%emt 0:03:08]} 12. Bc2 {[%emt 0:01:41]} d4 {[%emt 0:03:34]} 13. Ne4 {[%emt 0:04:36]} d3 {[%emt 0:20:53]} 14. Nxc5 {[%emt 0:05:08]} dxc2 {[%emt 0:06:04]} 15. Qxd8 {[%emt 0:00:48]} Raxd8 {[%emt 0:02:15]} 16. Nxe6 {[%emt 0:00:29]} fxe6 {[%emt 0:00:08]} 17. Be3 {[%emt 0:02:55]} Rf5 {[%emt 0:11:22]} 18. Rec1 {[%emt 0:03:10]} Nxe5 {[%emt 0:07:45]} 19. Nxe5 {[%emt 0:10:56]} Rxe5 {[%emt 0:00:12]} 20. Rxc2 {[%emt 0:00:07]} Bc5 {[%emt 0:03:38]} 21. Bf4 {[%emt 0:04:34]} Red5 {[%emt 0:03:06]} 22. Re1 {[%emt 0:00:13]} Rd1 {[%emt 0:14:51]} 23. Kf1 {[%emt 0:01:21]} Kf7 {[%emt 0:01:25]} 24. Bxc7 {[%emt 0:15:18]} R8d2 {[%emt 0:02:53]} 25. Rxd2 {[%emt 0:00:32]} Rxd2 {[%emt 0:00:05]} 26. Re2 {[%emt 0:00:11]} Rd1+ {[%emt 0:00:08]} 27. Re1 {[%emt 0:00:05]} Rd2 {[%emt 0:00:04]} 28. Re2 {[%emt 0:00:07]} 1/2-1/2

[Event "106th British-ch 2019"]
[Site "Torquay"]
[Date "2019.07.30"]
[Round "4.10"]
[White "D'costa, Lorin Ar"]
[Black "Claridge-Hansen, William"]
[Result "1-0"]
[WhiteElo "2396"]
[BlackElo "2297"]
[Annotator "NA"]
[PlyCount "91"]
[EventDate "2019.07.27"]
[EventType "swiss"]
[EventCountry "GBR"]
[SourceTitle "playchess.com"]
[Source "ChessBase"]
[SourceQuality "1"]
[TimeControl "40/5400+30:1800+30"]

1. d4 {[%emt 0:01:52]} Nf6 {[%emt 0:00:00]} 2. c4 {[%emt 0:00:12]} c5 {[%emt 0:00:32]} 3. d5 {[%emt 0:00:31]} b5 {[%emt 0:00:13]} 4. Qc2 {[%emt 0:00:55]} bxc4 {[%emt 0:00:59]} 5. e4 {[%emt 0:00:19]} e6 {[%emt 0:00:55]} 6. Bxc4 {[%emt 0:20:22]} exd5 {[%emt 0:01:06]} 7. exd5 {[%emt 0:00:15]} d6 {[%emt 0:00:55]} 8. Nc3 {[%emt 0:02:42]} Be7 {[%emt 0:03:11]} 9. Nf3 {[%emt 0:10:11]} O-O {[%emt 0:04:21]} 10. O-O {[%emt 0:02:10]} Nbd7 {[%emt 0:05:10]} 11. b3 {[%emt 0:10:12]} Nb6 {[%emt 0:03:19]} 12. h3 {[%emt 0:01:31]} Rb8 {[%emt 0:08:31]} 13. Qd3 {[%emt 0:08:09]} Nxc4 {[%emt 0:12:51]} 14. bxc4 {[%emt 0:00:58]} Ba6 {[%emt 0:13:18]} 15. a4 {[%emt 0:07:29]} Nd7 {[%emt 0:09:07]} 16. Nb5 {[%emt 0:02:44]} Rb7 {[%emt 0:05:09]} 17. Bf4 {[%emt 0:02:35]} Bxb5 {[%emt 0:03:15]} 18. axb5 {[%emt 0:00:27]} Nb6 {[%emt 0:03:05]} 19. Ra2 {[%emt 0:03:53]} Bf6 {[%emt 0:01:35]} 20. Nd2 {[%emt 0:08:15]} Re8 {[%emt 0:02:37]} 21. Nb3 {[%emt 0:02:46]} Qe7 {[%emt 0:02:44]} 22. Bd2 {[%emt 0:06:09]} g6 {[%emt 0:02:55]} 23. Na5 {[%emt 0:00:54]} Rd7 {[%emt 0:00:57]} 24. Re1 {[%emt 0:00:27]} Qf8 {[%emt 0:00:35]} 25. Nc6 {[%emt 0:00:25]} Rxe1+ 26. Bxe1 {[%emt 0:00:01]} Qh6 {[%emt 0:06:02]} 27. Bd2 {[%emt 0:02:58]} Qh4 {[%emt 0:00:29]} 28. Rc2 {[%emt 0:00:40]} Bd4 {[%emt 0:02:27]} 29. Ba5 {[%emt 0:01:39]} Kg7 {[%emt 0:04:52]} 30. Kh2 {[%emt 0:01:11]} Bxf2 {[%emt 0:00:50]} 31. g3 {[%emt 0:00:26]} Bxg3+ {[%emt 0:00:54]} 32. Qxg3 {[%emt 0:00:08]} Qe4 {[%emt 0:00:11]} 33. Qc3+ {[%emt 0:00:40]} f6 {[%emt 0:01:17]} 34. Bxb6 {[%emt 0:01:00]} Qf4+ {[%emt 0:00:31]} 35. Qg3 {[%emt 0:00:43]} Qe4 {[%emt 0:00:12]} 36. Rf2 {[%emt 0:01:04]} axb6 {[%emt 0:00:06]} 37. Qg4 {[%emt 0:00:30]} Qe3 {[%emt 0:02:41]} 38. Qf3 {[%emt 0:00:59]} Qg5 {[%emt 0:00:18]} 39. Qe4 {[%emt 0:00:32]} f5 {[%emt 0:00:46]} 40. Qe6 {[%emt 0:00:20]} Rf7 {[%emt 0:00:32]} 41. Qxd6 {[%emt 0:30:36]} Qh4 {[%emt 0:03:33]} 42. Qf4 {[%emt 0:00:00]} Qh5 {[%emt 0:01:13]} 43. Nd8 {[%emt 0:00:00]} Ra7 {[%emt 0:01:21]} 44. Ne6+ {[%emt 0:00:00]} Kf6 {[%emt 0:01:02]} 45. Qb8 {[%emt 0:00:00]} Ra3 {[%emt 0:01:27]} 46. Qh8+ {[%emt 0:00:00]} 1-0

[Event "106th British-ch 2019"]
[Site "Torquay"]
[Date "2019.07.30"]
[Round "4.11"]
[White "Willow, Jonah B"]
[Black "Pert, Nicholas"]
[Result "0-1"]
[WhiteElo "2343"]
[BlackElo "2563"]
[Annotator "ChessBase"]
[PlyCount "82"]
[EventDate "2019.07.27"]
[EventType "swiss"]
[EventCountry "GBR"]
[SourceTitle "playchess.com"]
[Source "ChessBase"]
[SourceQuality "1"]
[TimeControl "40/5400+30:1800+30"]

1. e4 {[%emt 0:00:00]} c5 {[%emt 0:00:00]} 2. Nf3 {[%emt 0:00:00]} Nc6 {[%emt 0:00:00]} 3. d4 {[%emt 0:00:00]} cxd4 {[%emt 0:00:00]} 4. Nxd4 {[%emt 0:00:00]} e5 {[%emt 0:00:00]} 5. Nb5 {[%emt 0:00:00]} d6 {[%emt 0:00:00]} 6. N1c3 {[%emt 0:00:00]} a6 {[%emt 0:00:01]} 7. Na3 {[%emt 0:00:00]} Be7 {[%emt 0:00:23]} 8. Nc4 {[%emt 0:00:01]} b5 {[%emt 0:00:26]} 9. Ne3 {[%emt 0:00:04]} Nf6 {[%emt 0:00:17]} 10. g3 {[%emt 0:00:05]} h5 {[%emt 0:00:53]} 11. Bg2 {[%emt 0:00:19]} h4 {[%emt 0:00:29]} 12. O-O {[%emt 0:00:05]} Rb8 {[%emt 0:00:54]} 13. Ncd5 {[%emt 0:02:02]} Nxd5 {[%emt 0:01:40]} 14. exd5 {[%emt 0:03:39]} Nd4 {[%emt 0:15:01]} 15. Qd3 {[%emt 0:06:35]} g6 {[%emt 0:00:09]} 16. c3 {[%emt 0:11:35]} Nf5 {[%emt 0:00:24]} 17. a4 {[%emt 0:00:04]} hxg3 {[%emt 0:11:26]} 18. hxg3 {[%emt 0:01:20]} Kf8 {[%emt 0:14:33]} 19. axb5 {[%emt 0:05:08]} axb5 {[%emt 0:00:04]} 20. Nc2 {[%emt 0:02:08]} Kg7 {[%emt 0:02:14]} 21. Nb4 {[%emt 0:03:29]} Qg8 {[%emt 0:01:02]} 22. Nc6 {[%emt 0:05:05]} Qh7 {[%emt 0:01:15]} 23. Re1 {[%emt 0:00:19]} Rb7 {[%emt 0:02:10]} 24. Qf3 {[%emt 0:10:46]} Bf6 {[%emt 0:12:41]} 25. Ra8 {[%emt 0:09:18]} Ne7 {[%emt 0:08:13]} 26. Be3 {[%emt 0:10:23]} Qh2+ {[%emt 0:01:17]} 27. Kf1 {[%emt 0:00:04]} Bf5 {[%emt 0:00:21]} 28. Rea1 {[%emt 0:04:12]} Rxa8 {[%emt 0:08:44]} 29. Rxa8 {[%emt 0:00:16]} Bd3+ {[%emt 0:00:20]} 30. Ke1 {[%emt 0:00:05]} e4 {[%emt 0:00:12]} 31. Qf4 {[%emt 0:08:03]} g5 {[%emt 0:03:03]} 32. Qg4 {[%emt 0:01:24]} Qxg2 {[%emt 0:01:18]} 33. Nxe7 {[%emt 0:03:09]} Qh1+ {[%emt 0:05:43]} 34. Kd2 {[%emt 0:00:01]} Rxe7 {[%emt 0:00:15]} 35. Bxg5 {[%emt 0:05:05]} e3+ {[%emt 0:05:32]} 36. Bxe3+ {[%emt 0:01:51]} Bg6 {[%emt 0:00:03]} 37. Qc8 {[%emt 0:00:07]} Qxd5+ {[%emt 0:00:37]} 38. Kc1 {[%emt 0:00:14]} Qh1+ {[%emt 0:00:15]} 39. Kd2 {[%emt 0:00:02]} Qd5+ {[%emt 0:03:35]} 40. Kc1 {[%emt 0:02:36]} Qh1+ {[%emt 0:00:27]} 41. Kd2 {[%emt 0:31:15]} Rxe3 {[%emt 0:33:58]} 0-1

[Event "106th British-ch 2019"]
[Site "Torquay"]
[Date "2019.07.30"]
[Round "4.12"]
[White "Gordon, Stephen J"]
[Black "Jones, Steven A"]
[Result "1-0"]
[WhiteElo "2516"]
[BlackElo "2117"]
[Annotator "ChessBase"]
[PlyCount "77"]
[EventDate "2019.07.27"]
[EventType "swiss"]
[EventCountry "GBR"]
[SourceTitle "playchess.com"]
[Source "ChessBase"]
[SourceQuality "1"]
[TimeControl "40/5400+30:1800+30"]

1. d4 {[%emt 0:04:14]} d5 {[%emt 0:00:42]} 2. c4 {[%emt 0:01:28]} dxc4 {[%emt 0:01:28]} 3. e4 {[%emt 0:00:26]} Nc6 {[%emt 0:01:52]} 4. Nf3 {[%emt 0:01:38]} Bg4 {[%emt 0:01:36]} 5. d5 {[%emt 0:00:06]} Ne5 {[%emt 0:00:47]} 6. Bf4 {[%emt 0:00:08]} Ng6 {[%emt 0:00:55]} 7. Be3 {[%emt 0:00:06]} e5 {[%emt 0:00:46]} 8. Bxc4 {[%emt 0:00:39]} Bd6 {[%emt 0:01:31]} 9. O-O {[%emt 0:05:32]} Nf6 {[%emt 0:00:08]} 10. Be2 {[%emt 0:02:59]} O-O {[%emt 0:03:08]} 11. Nfd2 {[%emt 0:01:21]} Bd7 {[%emt 0:08:19]} 12. Nc3 {[%emt 0:09:18]} Qe7 {[%emt 0:02:02]} 13. Rc1 {[%emt 0:03:23]} Nf4 {[%emt 0:02:33]} 14. Nc4 {[%emt 0:06:20]} Nxe2+ {[%emt 0:06:54]} 15. Qxe2 {[%emt 0:00:02]} Ng4 {[%emt 0:00:17]} 16. Bd2 {[%emt 0:01:19]} f5 {[%emt 0:04:57]} 17. Nxd6 {[%emt 0:14:11]} cxd6 {[%emt 0:01:34]} 18. exf5 {[%emt 0:01:26]} Bxf5 {[%emt 0:01:44]} 19. f4 {[%emt 0:00:35]} e4 {[%emt 0:07:53]} 20. h3 {[%emt 0:00:54]} Nf6 {[%emt 0:00:14]} 21. g4 {[%emt 0:01:13]} Bg6 {[%emt 0:00:25]} 22. f5 {[%emt 0:05:29]} Bf7 {[%emt 0:04:03]} 23. Bg5 {[%emt 0:01:08]} Rae8 {[%emt 0:02:16]} 24. Rcd1 {[%emt 0:01:01]} h6 {[%emt 0:02:53]} 25. Bf4 {[%emt 0:01:08]} a6 {[%emt 0:00:46]} 26. Qe3 {[%emt 0:03:50]} Nd7 {[%emt 0:02:24]} 27. Rd4 {[%emt 0:00:50]} Nf6 {[%emt 0:04:50]} 28. Qg3 {[%emt 0:09:26]} Rd8 {[%emt 0:01:06]} 29. Re1 {[%emt 0:03:03]} Rfe8 {[%emt 0:00:40]} 30. Qe3 {[%emt 0:03:26]} b5 {[%emt 0:00:59]} 31. Red1 {[%emt 0:01:24]} Qb7 {[%emt 0:01:49]} 32. g5 {[%emt 0:03:07]} hxg5 {[%emt 0:00:46]} 33. Bxg5 {[%emt 0:00:01]} Bh5 {[%emt 0:01:33]} 34. Bxf6 {[%emt 0:02:50]} gxf6 {[%emt 0:00:06]} 35. R1d2 {[%emt 0:00:08]} Rd7 {[%emt 0:06:03]} 36. Nxe4 {[%emt 0:02:14]} Rg7+ {[%emt 0:00:20]} 37. Kh2 {[%emt 0:00:02]} Qe7 {[%emt 0:00:48]} 38. Qf4 {[%emt 0:00:26]} Qe5 {[%emt 0:01:42]} 39. Qxe5 {[%emt 0:00:08]} 1-0

[Event "106th British-ch 2019"]
[Site "Torquay"]
[Date "2019.07.30"]
[Round "4.13"]
[White "Fernandez, Daniel Howard"]
[Black "Rudd, Jack"]
[Result "1-0"]
[WhiteElo "2466"]
[BlackElo "2275"]
[Annotator "ChessBase"]
[PlyCount "75"]
[EventDate "2019.07.27"]
[EventType "swiss"]
[EventCountry "GBR"]
[SourceTitle "playchess.com"]
[Source "ChessBase"]
[SourceQuality "1"]
[TimeControl "40/5400+30:1800+30"]

1. Nf3 {[%emt 0:02:22]} Nf6 {[%emt 0:00:00]} 2. b3 {[%emt 0:00:03]} g6 {[%emt 0:00:00]} 3. Bb2 {[%emt 0:00:01]} Bg7 {[%emt 0:00:00]} 4. e3 {[%emt 0:00:02]} O-O {[%emt 0:00:06]} 5. Be2 {[%emt 0:00:02]} c5 {[%emt 0:00:09]} 6. O-O {[%emt 0:00:23]} Nc6 {[%emt 0:00:05]} 7. c4 {[%emt 0:00:05]} b6 {[%emt 0:00:30]} 8. d4 {[%emt 0:00:06]} cxd4 {[%emt 0:00:07]} 9. Nxd4 {[%emt 0:00:04]} Bb7 {[%emt 0:00:11]} 10. Bf3 {[%emt 0:00:22]} Rc8 {[%emt 0:01:10]} 11. Nc3 {[%emt 0:00:08]} a6 {[%emt 0:00:29]} 12. Rc1 {[%emt 0:00:11]} d6 {[%emt 0:03:18]} 13. Qd2 {[%emt 0:01:34]} Nd7 {[%emt 0:02:33]} 14. Rfd1 {[%emt 0:00:43]} Nde5 {[%emt 0:01:29]} 15. Be2 {[%emt 0:00:02]} Nxd4 {[%emt 0:00:29]} 16. exd4 {[%emt 0:00:02]} Nc6 {[%emt 0:00:13]} 17. Bf3 {[%emt 0:00:25]} Rb8 {[%emt 0:03:30]} 18. Ne2 {[%emt 0:01:44]} e5 {[%emt 0:02:57]} 19. Ba3 {[%emt 0:02:04]} Re8 {[%emt 0:03:53]} 20. dxe5 {[%emt 0:00:22]} dxe5 {[%emt 0:00:43]} 21. Bd5 {[%emt 0:03:16]} Qf6 {[%emt 0:04:46]} 22. Qe3 {[%emt 0:00:40]} Nd4 {[%emt 0:02:34]} 23. Bxb7 {[%emt 0:00:03]} Nxe2+ {[%emt 0:00:10]} 24. Qxe2 {[%emt 0:00:04]} Rxb7 {[%emt 0:00:12]} 25. Qe4 {[%emt 0:00:12]} Rbb8 {[%emt 0:00:52]} 26. Rd6 {[%emt 0:01:03]} Qg5 {[%emt 0:01:39]} 27. Rcd1 {[%emt 0:00:26]} Bf8 {[%emt 0:00:56]} 28. Bc1 {[%emt 0:00:03]} Qe7 {[%emt 0:00:19]} 29. Rd7 {[%emt 0:00:46]} Qe6 {[%emt 0:00:17]} 30. Qd5 {[%emt 0:01:13]} h5 {[%emt 0:01:51]} 31. h3 {[%emt 0:00:45]} Qxd5 {[%emt 0:04:47]} 32. R1xd5 {[%emt 0:00:31]} Re6 {[%emt 0:00:53]} 33. a4 {[%emt 0:01:55]} Bc5 {[%emt 0:03:40]} 34. Bb2 {[%emt 0:00:56]} f6 {[%emt 0:01:44]} 35. Bc3 {[%emt 0:02:30]} a5 {[%emt 0:01:20]} 36. Bxa5 {[%emt 0:00:41]} Bxf2+ {[%emt 0:00:27]} 37. Kxf2 {[%emt 0:00:02]} bxa5 {[%emt 0:00:12]} 38. Rxa5 {[%emt 0:00:09]} 1-0

[Event "106th British-ch 2019"]
[Site "Torquay"]
[Date "2019.07.30"]
[Round "4.14"]
[White "Bradbury, Neil H"]
[Black "Taylor, Adam C"]
[Result "1/2-1/2"]
[WhiteElo "2322"]
[BlackElo "2402"]
[Annotator "NA"]
[PlyCount "71"]
[EventDate "2019.07.27"]
[EventType "swiss"]
[EventCountry "GBR"]
[SourceTitle "playchess.com"]
[Source "ChessBase"]
[SourceQuality "1"]
[TimeControl "40/5400+30:1800+30"]

1. d4 {[%emt 0:00:00]} Nf6 {[%emt 0:00:18]} 2. c4 {[%emt 0:00:00]} e6 {[%emt 0:00:05]} 3. Nf3 {[%emt 0:00:00]} d5 {[%emt 0:00:04]} 4. g3 {[%emt 0:00:22]} Be7 {[%emt 0:00:14]} 5. Bg2 {[%emt 0:00:07]} O-O {[%emt 0:00:17]} 6. O-O {[%emt 0:00:27]} dxc4 {[%emt 0:01:24]} 7. Ne5 {[%emt 0:04:08]} Nc6 {[%emt 0:02:54]} 8. Nxc6 {[%emt 0:04:44]} bxc6 {[%emt 0:00:06]} 9. Na3 {[%emt 0:00:10]} Bxa3 {[%emt 0:08:45]} 10. bxa3 {[%emt 0:00:08]} Nd5 {[%emt 0:24:10]} 11. Qc2 {[%emt 0:07:18]} Ba6 {[%emt 0:02:25]} 12. a4 {[%emt 0:17:24]} c5 {[%emt 0:07:59]} 13. dxc5 {[%emt 0:10:13]} Qf6 {[%emt 0:00:06]} 14. Bb2 {[%emt 0:03:02]} c3 {[%emt 0:00:12]} 15. Ba3 {[%emt 0:00:01]} Rab8 {[%emt 0:01:50]} 16. Rab1 {[%emt 0:00:44]} Qd4 {[%emt 0:04:10]} 17. c6 {[%emt 0:12:43]} Rxb1 {[%emt 0:12:35]} 18. Rxb1 {[%emt 0:03:16]} Re8 {[%emt 0:01:20]} 19. Bf1 {[%emt 0:07:34]} Qg4 {[%emt 0:05:26]} 20. Bc1 {[%emt 0:04:31]} Qc4 {[%emt 0:00:57]} 21. Ba3 {[%emt 0:03:39]} Qxc6 {[%emt 0:03:25]} 22. Rc1 {[%emt 0:09:22]} h6 {[%emt 0:06:59]} 23. Bg2 {[%emt 0:01:35]} Qc4 {[%emt 0:03:01]} 24. e4 {[%emt 0:01:11]} Nf6 {[%emt 0:02:08]} 25. Bf1 {[%emt 0:05:12]} Qc6 {[%emt 0:00:02]} 26. Qxc3 {[%emt 0:00:30]} Qxc3 {[%emt 0:00:24]} 27. Rxc3 {[%emt 0:00:02]} Bxf1 28. Kxf1 {[%emt 0:00:01]} Nxe4 {[%emt 0:09:13]} 29. Rxc7 {[%emt 0:00:02]} Rd8 {[%emt 0:00:13]} 30. Bb4 {[%emt 0:01:33]} Rd1+ {[%emt 0:01:14]} 31. Ke2 {[%emt 0:00:36]} Rb1 {[%emt 0:00:10]} 32. a3 {[%emt 0:00:33]} Rb2+ {[%emt 0:00:04]} 33. Ke3 {[%emt 0:00:31]} Nf6 {[%emt 0:00:37]} 34. Rxa7 {[%emt 0:00:51]} Nd5+ {[%emt 0:00:09]} 35. Kf3 {[%emt 0:01:10]} Nxb4 {[%emt 0:00:52]} 36. axb4 {[%emt 0:00:22]} 1/2-1/2

[Event "106th British-ch 2019"]
[Site "Torquay"]
[Date "2019.07.30"]
[Round "4.15"]
[White "Derakhshani, Borna"]
[Black "Pigott, John C"]
[Result "0-1"]
[WhiteElo "2300"]
[BlackElo "2384"]
[Annotator "NA"]
[PlyCount "36"]
[EventDate "2019.07.27"]
[EventType "swiss"]
[EventCountry "GBR"]
[SourceTitle "playchess.com"]
[Source "ChessBase"]
[SourceQuality "1"]
[TimeControl "40/5400+30:1800+30"]

1. b3 {[%emt 0:05:31]} e5 {[%emt 0:00:00]} 2. Bb2 {[%emt 0:00:04]} Nc6 {[%emt 0:00:00]} 3. e3 {[%emt 0:00:05]} Nf6 {[%emt 0:00:07]} 4. Bb5 {[%emt 0:00:06]} Bd6 {[%emt 0:00:20]} 5. Na3 {[%emt 0:00:44]} e4 {[%emt 0:02:44]} 6. Nc4 {[%emt 0:00:05]} Be7 {[%emt 0:00:16]} 7. Bxc6 {[%emt 0:00:55]} dxc6 {[%emt 0:01:09]} 8. Ne2 {[%emt 0:00:16]} O-O {[%emt 0:00:24]} 9. O-O {[%emt 0:01:07]} c5 {[%emt 0:13:45]} 10. Ne5 {[%emt 0:01:56]} Re8 {[%emt 0:07:54]} 11. d3 {[%emt 0:04:37]} Bd6 {[%emt 0:05:31]} 12. dxe4 {[%emt 0:00:07]} Nxe4 {[%emt 0:02:21]} 13. Nc4 {[%emt 0:02:02]} Bf8 {[%emt 0:01:46]} 14. Nf4 {[%emt 0:01:02]} Nd6 {[%emt 0:06:17]} 15. Ne5 {[%emt 0:01:21]} b6 {[%emt 0:06:11]} 16. Qh5 {[%emt 0:05:53]} f6 {[%emt 0:02:32]} 17. Neg6 {[%emt 0:03:13]} hxg6 {[%emt 0:03:36]} 18. Qd5+ {[%emt 0:00:05]} Be6 {[%emt 0:00:26]} 0-1